| 000 -LEADER |
| fixed length control field |
01551pab a2200169 454500 |
| 008 - FIXED-LENGTH DATA ELEMENTS--GENERAL INFORMATION |
| fixed length control field |
180718b2013 xxu||||| |||| 00| 0 eng d |
| 100 ## - MAIN ENTRY--PERSONAL NAME |
| Personal name |
Thom, Michael |
| 245 ## - TITLE STATEMENT |
| Title |
Politics, fiscal necessity or both? Factors driving the enactment of defined contribution accounts for public employees |
| 260 ## - PUBLICATION, DISTRIBUTION, ETC. |
| Date of publication, distribution, etc. |
2013 |
| 300 ## - PHYSICAL DESCRIPTION |
| Extent |
p.480-489. |
| 362 ## - DATES OF PUBLICATION AND/OR SEQUENTIAL DESIGNATION |
| Dates of publication and/or sequential designation |
Jun |
| 520 ## - SUMMARY, ETC. |
| Summary, etc. |
Recent conflicts over public sector defined benefit pension funding have inspired polarized debates about the need for reform, including the utility of replacing pensions with defined contribution accounts, which are popular throughout the private sector. Between 1996 and 2011, 15 American states enacted legislation to implement either mandatory or optional defined contribution accounts for certain public employees. What drove this process? This article investigates the role of political, budgetary, and contagion influences on the diffusion of defined contribution accounts for general state employees. Empirical results suggest that enactments were influenced by Republican legislative, but not executive, partisanship. Gains in state indebtedness also increased the likelihood of enactment independent of political and other factors. There is no evidence of policy learning based on neighboring state activity and no influence from two measures of organized labor power. Both quantitative and qualitative robustness checks largely reinforce these findings. - Reproduced. |
| 650 ## - SUBJECT ADDED ENTRY--TOPICAL TERM |
| Topical term or geographic name entry element |
Civil service |
| 773 ## - HOST ITEM ENTRY |
| Main entry heading |
Public Administration Review |
| 908 ## - PUT COMMAND PARAMETER (RLIN) |
| Put command parameter |
N |
| 909 ## - |
| -- |
99142 |